Tidal - Noah Kahan (All Lyrics) - Statistics

General Stats
  • This quiz has been taken 42 times
  • The average score is 310 of 367
Answer Stats
Lyrics % Correct
a
100%
I
100%
knew
100%
me
100%
my
100%
You
100%
you
100%
and
94%
And
94%
coast
94%
Happiness
94%
if
94%
in
94%
So
94%
so
94%
spiral
94%
the
94%
this
94%
tidal,
94%
to
94%
To
94%
air
89%
be
89%
boat
89%
breathing
89%
build
89%
comes
89%
else's
89%
feeling
89%
get
89%
goes
89%
guess
89%
I'll
89%
it
89%
lost
89%
one
89%
one,
89%
someone
89%
Sometimes,
89%
was
89%
away
83%
But
83%
close
83%
coastline
83%
drift
83%
far
83%
farther
83%
fine
83%
from
83%
head
83%
I'm
83%
just
83%
live
83%
never
83%
of
83%
that
83%
would
83%
all
78%
All
78%
alone
78%
been
78%
drifted
78%
into
78%
I've
78%
know
78%
Lord,
78%
make
78%
matter
78%
mine
78%
(Oh,
78%
oh)
78%
Oh,
78%
sank
78%
sense
78%
sink
78%
swim
78%
then
78%
thoughts
78%
too
78%
until
78%
water
78%
Where
78%
with
78%
again
72%
care
72%
didn't
72%
fear
72%
fell
72%
home
72%
I'd
72%
life,
72%
like
72%
miles
72%
myself
72%
nothing
72%
out
72%
pattern
72%
reach
72%
teach
72%
thousand
72%
Two
72%
Under
72%
weight
72%
well
72%
dead,
67%
demons
67%
dreams
67%
find
67%
How
67%
it's
67%
land
67%
or
67%
peace
67%
save
67%
sea
67%
sky,
67%
stone
67%
there
67%
tried
67%
underneath
67%
wish
67%
Yeah,
67%
can't
61%
stormy
61%
these
61%
tide
61%
tonight,
61%
tonight
61%
wearing
61%
wears
61%
Below
39%
No matching quizzes found
Score Distribution
Percent of People with Each Score
Percentile by Number Answered
Your Score History
You have not taken this quiz